Milieux conducteurs ou polarisables en mouvement /

Guardado en:
Autor Principal: Arzeliès, Henri, 1913-
Formato: Libro
Idioma:French
Publicado: Paris : Gauthier-Villars, 1959.
Series:Etudes relativistes
Materias:
Etiquetas: Agregar Etiqueta
Sin Etiquetas, Sea el primero en etiquetar este registro!
LEADER 00615cam a22001931a 4500
001 MAT.inmabb005436
008 760802s1959####fr#a#####b####000#0#fre##
005 20170811170438.0
245 1 0 |a Milieux conducteurs ou polarisables en mouvement /  |c Avec la collaboration de J. Henry. 
260 |a Paris :  |b Gauthier-Villars,  |c 1959. 
300 |a 347 p. :  |b il. ;  |c 25 cm. 
440 0 |a Etudes relativistes 
510 4 |a MR,  |c 22 #7804 
100 1 |a Arzeliès, Henri,  |d 1913- 
650 0 |a Electrodynamics. 
084 |a 83.00  |2 MR 
010 |a  64047521  
040 |a DLC  |c GAT  |d FrPBIS  |d DLC 
859 |h 83  |i Ar797m  |p A-1246  |b BIB. MATEMATICA